000 00419cam a2200169ua 4500
020 _c1.25
041 _amal
_h
082 _a894.8122
_bKRI/OZ
100 _aKrishnan Nair, Poojappura .
245 _aOzhukkinethire /
_cPoojappura Krishnan Nair.
_hTextual Documents
260 _aKollam :
_bM S Book Depot ,
_c1961.
300 _a83 ; .
365 _a1.25
504 _a
942 _cBK
999 _c4799
_d4799